[Event "EYCC 2024 - G18"]
[Site "?"]
[Date "2024.08.31"]
[Round "9.7"]
[White "Zito, Enrica"]
[Black "Skakun, Kateryna"]
[Result "0-1"]
[BlackElo "1854"]
[WhiteElo "2108"]
[LiveChessVersion "1.4.8"]

1. e4 {[%clk 1:30:59]} c5 {[%clk 1:30:52]} 2. Nf3 {[%clk 1:31:25]} d6
{[%clk 1:31:16]} 3. Bb5+ {[%clk 1:31:51]} Nd7 {[%clk 1:31:41]} 4. a4
{[%clk 1:32:18]} a6 {[%clk 1:31:56]} 5. Be2 {[%clk 1:32:43]} e6 {[%clk 1:31:07]}
6. d4 {[%clk 1:32:52]} cxd4 {[%clk 1:31:21]} 7. Qxd4 {[%clk 1:33:17]} Ngf6
{[%clk 1:31:02]} 8. O-O {[%clk 1:33:34]} Be7 {[%clk 1:31:23]} 9. Rd1
{[%clk 1:32:40]} Qc7 {[%clk 1:29:52]} 10. Nc3 {[%clk 1:32:10]} O-O
{[%clk 1:29:37]} 11. Nd2 {[%clk 1:31:44]} d5 {[%clk 1:27:51]} 12. exd5
{[%clk 1:31:24]} Bc5 {[%clk 1:26:15]} 13. Qh4 {[%clk 1:30:19]} exd5
{[%clk 1:25:35]} 14. Nf3 {[%clk 1:28:16]} Re8 {[%clk 1:23:54]} 15. Bd3
{[%clk 1:26:33]} Nf8 {[%clk 1:10:05]} 16. Bg5 {[%clk 1:21:24]} Ng4
{[%clk 1:07:00]} 17. Nxd5 {[%clk 1:14:52]} Qc6 {[%clk 1:02:22]} 18. Be3
{[%clk 1:09:21]} Nxe3 {[%clk 0:58:14]} 19. Nxe3 {[%clk 1:09:11]} Bxe3
{[%clk 0:54:45]} 20. fxe3 {[%clk 1:09:36]} Rxe3 {[%clk 0:52:09]} 21. Ng5
{[%clk 0:59:48]} h6 {[%clk 0:36:37]} 22. Nxf7 {[%clk 0:47:17]} Be6
{[%clk 0:27:44]} 23. Qf2 {[%clk 0:46:25]} Rxd3 {[%clk 0:21:17]} 24. Nxh6+
{[%clk 0:46:38]} gxh6 {[%clk 0:21:10]} 25. Rxd3 {[%clk 0:46:58]} Ng6
{[%clk 0:19:18]} 26. Rc3 {[%clk 0:45:05]} Qd5 {[%clk 0:17:27]} 27. Rg3
{[%clk 0:39:43]} Kh7 {[%clk 0:17:03]} 28. Qf6 {[%clk 0:38:30]} Bf5
{[%clk 0:15:38]} 29. Re1 {[%clk 0:26:39]} Qc5+ {[%clk 0:15:36]} 30. Kh1
{[%clk 0:26:56]} Rf8 {[%clk 0:14:47]} 31. Qc3 {[%clk 0:25:34]} Qd6
{[%clk 0:14:54]} 32. Rge3 {[%clk 0:20:25]} Rf7 {[%clk 0:11:36]} 33. Qb3
{[%clk 0:19:52]} Rg7 {[%clk 0:11:49]} 34. Rg3 {[%clk 0:13:51]} Qd2
{[%clk 0:11:59]} 35. Qc3 {[%clk 0:13:50]} Qxc2 {[%clk 0:10:23]} 36. Qxc2
{[%clk 0:08:24]} Bxc2 {[%clk 0:10:49]} 37. a5 {[%clk 0:08:38]} Rf7
{[%clk 0:09:53]} 38. h3 {[%clk 0:08:34]} Ba4 {[%clk 0:09:41]} 39. Kg1
{[%clk 0:07:35]} Bc6 {[%clk 0:07:44]} 40. Rge3 {[%clk 0:05:07]} Rf5
{[%clk 0:03:45]} 41. b4 {[%clk 0:05:08]} Rb5 {[%clk 0:03:32]} 42. Rb1
{[%clk 0:03:05]} Nf4 {[%clk 0:03:53]} 43. g4 {[%clk 0:03:18]} Kg6
{[%clk 0:02:51]} 44. Kf2 {[%clk 0:03:36]} Nd5 {[%clk 0:02:52]} 45. Reb3
{[%clk 0:03:51]} Kg5 {[%clk 0:03:06]} 46. Kg3 {[%clk 0:04:08]} Nf6
{[%clk 0:03:06]} 47. h4+ {[%clk 0:03:49]} Kg6 {[%clk 0:03:35]} 48. Rd1
{[%clk 0:02:29]} Ne4+ {[%clk 0:01:10]} 49. Kf4 {[%clk 0:02:54]} Nc5
{[%clk 0:00:36]} 50. Rd6+ {[%clk 0:02:36]} Kg7 {[%clk 0:00:57]} 51. Rb1
{[%clk 0:02:26]} Na4 {[%clk 0:01:03]} 52. Rb3 {[%clk 0:01:24]} Bd5
{[%clk 0:01:21]} 53. Rb1 {[%clk 0:00:43]} Bf7 {[%clk 0:01:24]} 54. Rd4
{[%clk 0:00:49]} Nc3 {[%clk 0:01:37]} 55. Rb2 {[%clk 0:01:05]} Nd5+
{[%clk 0:01:22]} 56. Kg3 {[%clk 0:01:30]} Nf6 {[%clk 0:00:39]} 57. Re2
{[%clk 0:01:38]} Rd5 {[%clk 0:00:33]} 58. Rf4 {[%clk 0:00:57]} Rd3+
{[%clk 0:00:59]} 59. Kg2 {[%clk 0:00:44]} Nd5 {[%clk 0:00:38]} 60. Rff2
{[%clk 0:00:43]} Ne3+ {[%clk 0:00:33]} 61. Kg1 {[%clk 0:00:37]} Rd1+
{[%clk 0:00:51]} 62. Kh2 {[%clk 0:00:57]} Nxg4+ {[%clk 0:01:16]} 63. Kg3
{[%clk 0:01:20]} Nxf2 {[%clk 0:01:33]} 64. Rxf2 {[%clk 0:01:45]} Rd3+
{[%clk 0:01:29]} 65. Kg4 {[%clk 0:01:48]} Rd4+ {[%clk 0:01:38]} 66. Kf5
{[%clk 0:02:13]} Bg6+ {[%clk 0:01:40]} 67. Ke6 {[%clk 0:02:26]} Rxb4
{[%clk 0:01:57]} 68. Rg2 {[%clk 0:02:41]} Rxh4 {[%clk 0:02:07]} 69. Rb2
{[%clk 0:03:05]} Be4 {[%clk 0:02:13]} 0-1

[Event "EYCC 2024 - G18"]
[Site "?"]
[Date "2024.08.31"]
[Round "9.8"]
[White "Shuqja, Klean"]
[Black "Trasakova, Adela"]
[Result "1-0"]
[BlackElo "1853"]
[WhiteElo "2042"]
[LiveChessVersion "1.4.8"]

1. e4 {[%clk 1:30:58]} c6 {[%clk 1:30:59]} 2. c4 {[%clk 1:31:24]} d5
{[%clk 1:31:22]} 3. exd5 {[%clk 1:31:51]} cxd5 {[%clk 1:31:45]} 4. cxd5
{[%clk 1:32:18]} Nf6 {[%clk 1:32:00]} 5. Qa4+ {[%clk 1:32:46]} Nbd7
{[%clk 1:31:49]} 6. Nc3 {[%clk 1:33:07]} g6 {[%clk 1:30:47]} 7. Bc4
{[%clk 1:33:04]} Bg7 {[%clk 1:30:23]} 8. d3 {[%clk 1:30:21]} O-O {[%clk 1:30:09]}
9. Nf3 {[%clk 1:30:26]} a6 {[%clk 1:29:39]} 10. Qa3 {[%clk 1:30:15]} Nb6
{[%clk 1:17:52]} 11. Qb3 {[%clk 1:26:20]} Bf5 {[%clk 1:16:37]} 12. O-O
{[%clk 1:24:01]} Nfd7 {[%clk 1:10:05]} 13. Be3 {[%clk 1:21:22]} Rc8
{[%clk 1:08:48]} 14. Ne2 {[%clk 1:11:25]} Nc5 {[%clk 1:01:14]} 15. Bxc5
{[%clk 0:58:28]} Rxc5 {[%clk 1:01:04]} 16. Ned4 {[%clk 0:54:36]} Nxd5
{[%clk 0:43:25]} 17. Nxf5 {[%clk 0:51:34]} gxf5 {[%clk 0:43:48]} 18. d4
{[%clk 0:48:03]} Ra5 {[%clk 0:43:25]} 19. Qxb7 {[%clk 0:47:08]} Nf4
{[%clk 0:41:03]} 20. Rad1 {[%clk 0:28:38]} Qd6 {[%clk 0:36:08]} 21. Rfe1
{[%clk 0:23:47]} e6 {[%clk 0:33:38]} 22. Qb3 {[%clk 0:19:35]} Rb8
{[%clk 0:31:48]} 23. Qc3 {[%clk 0:16:28]} Qb6 {[%clk 0:30:50]} 24. Bb3
{[%clk 0:14:32]} Nd5 {[%clk 0:30:17]} 25. Qc4 {[%clk 0:12:57]} Rb5
{[%clk 0:28:37]} 26. Ne5 {[%clk 0:11:26]} a5 {[%clk 0:25:38]} 27. Nd7
{[%clk 0:10:13]} Qd6 {[%clk 0:24:55]} 28. Nxb8 {[%clk 0:10:38]} Rxb8
{[%clk 0:24:43]} 29. Qc5 {[%clk 0:09:04]} Qxc5 {[%clk 0:23:51]} 30. dxc5
{[%clk 0:09:32]} Nb4 {[%clk 0:23:51]} 31. Re2 {[%clk 0:07:01]} Nc6
{[%clk 0:19:18]} 32. Red2 {[%clk 0:05:40]} Bf6 {[%clk 0:16:30]} 33. Rd6
{[%clk 0:04:47]} Ne5 {[%clk 0:15:08]} 34. f4 {[%clk 0:03:24]} Ng6
{[%clk 0:14:27]} 35. g3 {[%clk 0:02:52]} Be7 {[%clk 0:12:29]} 36. Rc6
{[%clk 0:02:42]} a4 {[%clk 0:10:50]} 37. Bxa4 {[%clk 0:03:04]} Rxb2
{[%clk 0:11:11]} 38. Bb3 {[%clk 0:02:22]} h5 {[%clk 0:09:51]} 39. Rf1
{[%clk 0:02:07]} h4 {[%clk 0:09:39]} 40. Rf2 {[%clk 0:02:15]} Rb1+
{[%clk 0:09:48]} 41. Kg2 {[%clk 0:02:29]} Kg7 {[%clk 0:09:16]} 42. Rc7
{[%clk 0:02:15]} Rc1 {[%clk 0:08:15]} 43. Rc2 {[%clk 0:02:30]} Re1
{[%clk 0:08:27]} 44. c6 {[%clk 0:01:34]} e5 {[%clk 0:07:55]} 45. Rxe7
{[%clk 0:00:36]} Nxe7 {[%clk 0:08:11]} 46. c7 {[%clk 0:00:57]} Nc8
{[%clk 0:08:27]} 47. Bd5 {[%clk 0:00:40]} exf4 {[%clk 0:08:01]} 48. gxf4
{[%clk 0:00:40]} Kf6 {[%clk 0:07:48]} 49. Bb7 {[%clk 0:01:00]} Re8
{[%clk 0:08:09]} 50. Bxc8 {[%clk 0:01:12]} Rxc8 {[%clk 0:08:38]} 51. a4
{[%clk 0:01:19]} Ke7 {[%clk 0:08:42]} 52. a5 {[%clk 0:01:38]} Kd7
{[%clk 0:09:07]} 53. Kh3 {[%clk 0:01:45]} 1-0

[Event "EYCC 2024 - G18"]
[Site "?"]
[Date "2024.08.31"]
[Round "9.9"]
[White "Striskova, Lucia"]
[Black "Tsakona, Maria"]
[Result "1-0"]
[BlackElo "2031"]
[WhiteElo "1937"]
[LiveChessVersion "1.4.8"]

1. e4 {[%clk 1:30:57]} c6 {[%clk 1:29:40]} 2. d4 {[%clk 1:31:16]} d5
{[%clk 1:30:05]} 3. e5 {[%clk 1:31:35]} Bf5 {[%clk 1:30:29]} 4. h4
{[%clk 1:31:53]} h5 {[%clk 1:30:31]} 5. c4 {[%clk 1:32:13]} e6 {[%clk 1:29:53]}
6. Nc3 {[%clk 1:32:31]} Nd7 {[%clk 1:27:48]} 7. Nge2 {[%clk 1:30:53]} dxc4
{[%clk 1:14:36]} 8. Ng3 {[%clk 1:30:44]} Bd3 {[%clk 1:14:38]} 9. Bxd3
{[%clk 1:27:34]} cxd3 {[%clk 1:14:35]} 10. Bg5 {[%clk 1:24:42]} Be7
{[%clk 1:01:10]} 11. Nge4 {[%clk 1:19:57]} f6 {[%clk 0:52:32]} 12. exf6
{[%clk 1:19:47]} gxf6 {[%clk 0:50:59]} 13. Be3 {[%clk 1:19:10]} Qa5
{[%clk 0:47:39]} 14. Qxd3 {[%clk 1:18:18]} O-O-O {[%clk 0:47:20]} 15. Qc4
{[%clk 1:16:26]} Nh6 {[%clk 0:42:01]} 16. Bxh6 {[%clk 1:09:14]} Rxh6
{[%clk 0:40:10]} 17. Qxe6 {[%clk 1:09:29]} Bf8 {[%clk 0:39:07]} 18. Nd6+
{[%clk 1:07:14]} Bxd6 {[%clk 0:37:29]} 19. Qxd6 {[%clk 1:07:36]} Re8+
{[%clk 0:37:56]} 20. Kf1 {[%clk 1:06:11]} Qb6 {[%clk 0:36:06]} 21. b4
{[%clk 0:58:24]} Rg6 {[%clk 0:26:25]} 22. Rc1 {[%clk 0:48:10]} Kd8
{[%clk 0:25:52]} 23. Rh3 {[%clk 0:45:20]} Reg8 {[%clk 0:22:50]} 24. Re3
{[%clk 0:43:39]} Rxg2 {[%clk 0:21:17]} 25. Qe7+ {[%clk 0:43:37]} Kc8
{[%clk 0:21:42]} 26. Qe8+ {[%clk 0:42:24]} Qd8 {[%clk 0:21:43]} 27. Qxd8+
{[%clk 0:42:20]} Kxd8 {[%clk 0:22:08]} 28. Ke2 {[%clk 0:42:05]} R2g4
{[%clk 0:20:52]} 29. b5 {[%clk 0:41:32]} Rxh4 {[%clk 0:17:59]} 30. bxc6
{[%clk 0:41:54]} bxc6 {[%clk 0:18:25]} 31. Ne4 {[%clk 0:41:50]} Re8
{[%clk 0:16:15]} 32. Nc5 {[%clk 0:41:05]} Rxe3+ {[%clk 0:15:06]} 33. Kxe3
{[%clk 0:41:23]} Nb6 {[%clk 0:14:46]} 34. Ne6+ {[%clk 0:41:27]} Kd7
{[%clk 0:15:00]} 35. Nf4 {[%clk 0:40:29]} Rh2 {[%clk 0:09:50]} 36. Rc5
{[%clk 0:39:48]} h4 {[%clk 0:09:59]} 37. Rf5 {[%clk 0:37:57]} Ke7
{[%clk 0:07:56]} 38. Rh5 {[%clk 0:38:21]} Kd6 {[%clk 0:07:24]} 39. Rh7
{[%clk 0:38:07]} a5 {[%clk 0:06:58]} 40. Rh6 {[%clk 0:36:16]} Nd5+
{[%clk 0:05:29]} 41. Nxd5 {[%clk 0:36:38]} Rh3+ {[%clk 0:05:40]} 42. f3
{[%clk 0:36:26]} Kxd5 {[%clk 0:06:06]} 43. Rxf6 {[%clk 0:35:39]} a4
{[%clk 0:05:27]} 44. Rf5+ {[%clk 0:35:41]} Kc4 {[%clk 0:05:02]} 45. Rc5+
{[%clk 0:35:45]} Kb4 {[%clk 0:05:29]} 46. Rxc6 {[%clk 0:35:22]} Rh1
{[%clk 0:05:40]} 47. Rc2 {[%clk 0:32:35]} h3 {[%clk 0:04:08]} 48. d5
{[%clk 0:32:09]} Ka3 {[%clk 0:02:59]} 49. Kf4 {[%clk 0:31:45]} h2
{[%clk 0:02:04]} 50. Rd2 {[%clk 0:26:23]} Re1 {[%clk 0:01:07]} 51. Rxh2
{[%clk 0:26:46]} Kb4 {[%clk 0:01:27]} 52. d6 {[%clk 0:21:38]} Kc5
{[%clk 0:01:31]} 53. Rd2 {[%clk 0:21:48]} Re8 {[%clk 0:01:43]} 54. d7
{[%clk 0:22:09]} Rd8 {[%clk 0:02:03]} 55. Ke5 {[%clk 0:22:19]} Kc6
{[%clk 0:01:41]} 56. Ke6 {[%clk 0:22:42]} Kc7 {[%clk 0:01:51]} 57. Ke7
{[%clk 0:22:49]} a3 {[%clk 0:02:13]} 58. Rc2+ {[%clk 0:23:12]} Kb7
{[%clk 0:02:23]} 59. Kxd8 {[%clk 0:23:30]} 1-0

[Event "EYCC 2024 - G18"]
[Site "?"]
[Date "2024.08.31"]
[Round "9.10"]
[White "Verheij, Dana"]
[Black "Vasylchuk, Diana"]
[Result "1-0"]
[BlackElo "1983"]
[WhiteElo "1941"]
[LiveChessVersion "1.4.8"]

1. e4 {[%clk 1:30:58]} c5 {[%clk 1:30:44]} 2. Nc3 {[%clk 1:31:15]} e6
{[%clk 1:31:04]} 3. Nge2 {[%clk 1:31:37]} Nc6 {[%clk 1:31:21]} 4. g3
{[%clk 1:31:45]} d5 {[%clk 1:31:30]} 5. exd5 {[%clk 1:32:11]} exd5
{[%clk 1:31:51]} 6. d4 {[%clk 1:32:37]} Bg4 {[%clk 1:32:01]} 7. Bg2
{[%clk 1:32:55]} Nxd4 {[%clk 1:32:13]} 8. h3 Bf3 {[%clk 1:32:03]} 9. Kf1
{[%clk 1:33:40]} Ne7 {[%clk 1:31:36]} 10. Bxf3 {[%clk 1:33:27]} Nxf3
{[%clk 1:31:47]} 11. Nf4 {[%clk 1:33:52]} Ne5 {[%clk 1:18:50]} 12. Nfxd5
{[%clk 1:26:58]} Nxd5 {[%clk 1:18:49]} 13. Nxd5 {[%clk 1:24:20]} Bd6
{[%clk 1:16:11]} 14. Kg2 {[%clk 1:14:22]} O-O {[%clk 1:05:48]} 15. Bf4
{[%clk 1:10:49]} Ng6 {[%clk 1:05:50]} 16. Bxd6 {[%clk 1:07:25]} Qxd6
{[%clk 1:04:16]} 17. Re1 {[%clk 0:59:36]} Rad8 {[%clk 1:00:21]} 18. Nc3
{[%clk 0:57:50]} Qb6 {[%clk 0:57:48]} 19. Qf3 {[%clk 0:56:59]} Qxb2
{[%clk 0:57:41]} 20. Rab1 {[%clk 0:52:51]} Qxc2 {[%clk 0:50:38]} 21. Re2
{[%clk 0:42:23]} Rd2 {[%clk 0:50:58]} 22. Rxd2 {[%clk 0:36:38]} Qxd2 23. Ne4
{[%clk 0:37:04]} Qxa2 {[%clk 0:47:56]} 24. Rxb7 {[%clk 0:32:15]} Ne5
{[%clk 0:36:56]} 25. Qf5 {[%clk 0:29:08]} Qa6 {[%clk 0:36:11]} 26. Rc7
{[%clk 0:27:04]} Nd3 {[%clk 0:36:31]} 27. Nxc5 {[%clk 0:25:57]} Ne1+
{[%clk 0:19:25]} 28. Kg1 {[%clk 0:16:25]} Qa1 {[%clk 0:17:19]} 29. Kh2 h6 30. Re7
{[%clk 0:13:33]} g6 {[%clk 0:16:31]} 31. Qe4 {[%clk 0:12:30]} Qc3
{[%clk 0:15:38]} 32. Nd7 {[%clk 0:11:21]} Rd8 {[%clk 0:14:35]} 33. Re8+
{[%clk 0:11:28]} Rxe8 34. Qxe8+ {[%clk 0:11:51]} Kh7 {[%clk 0:08:41]} 35. Qxf7+
{[%clk 0:12:14]} Qg7 {[%clk 0:08:26]} 36. Nf6+ Kh8 37. Qe8+ {[%clk 0:12:37]} 1-0

[Event "EYCC 2024 - G18"]
[Site "?"]
[Date "2024.08.31"]
[Round "9.11"]
[White "Pawicka, Magdalena"]
[Black "Vashchenko, Diana"]
[Result "1-0"]
[BlackElo "1680"]
[WhiteElo "1977"]
[LiveChessVersion "1.4.8"]

1. e4 {[%clk 1:30:56]} c5 {[%clk 1:30:51]} 2. Nf3 {[%clk 1:31:17]} Nc6
{[%clk 1:31:05]} 3. d4 {[%clk 1:31:42]} cxd4 {[%clk 1:31:26]} 4. Nxd4
{[%clk 1:32:09]} g6 {[%clk 1:31:48]} 5. c4 {[%clk 1:32:09]} Bg7 {[%clk 1:32:11]}
6. Be3 {[%clk 1:32:31]} Nf6 {[%clk 1:32:33]} 7. Nc3 {[%clk 1:32:53]} Ng4
{[%clk 1:32:59]} 8. Qxg4 {[%clk 1:32:48]} Nxd4 {[%clk 1:33:19]} 9. Qd1
{[%clk 1:33:09]} Ne6 {[%clk 1:33:33]} 10. Qd2 {[%clk 1:27:43]} d6
{[%clk 1:29:32]} 11. Be2 {[%clk 1:26:30]} Bd7 {[%clk 1:27:59]} 12. O-O
{[%clk 1:25:41]} O-O {[%clk 1:28:13]} 13. f4 {[%clk 1:18:37]} f5 {[%clk 1:24:52]}
14. Rad1 {[%clk 0:57:26]} Bc6 {[%clk 1:18:59]} 15. exf5 {[%clk 0:55:05]} gxf5
{[%clk 1:18:50]} 16. b4 {[%clk 0:46:28]} b6 {[%clk 1:18:49]} 17. Nd5
{[%clk 0:41:43]} Nc7 {[%clk 1:18:21]} 18. Bf3 {[%clk 0:38:27]} Nxd5
{[%clk 1:18:15]} 19. Bxd5+ {[%clk 0:25:47]} Bxd5 {[%clk 1:18:39]} 20. cxd5
{[%clk 0:25:38]} Rc8 {[%clk 1:18:43]} 21. Rf3 {[%clk 0:24:06]} Rf6
{[%clk 1:18:44]} 22. Bd4 {[%clk 0:19:42]} Rg6 {[%clk 1:19:08]} 23. Bxg7
{[%clk 0:19:06]} Rxg7 {[%clk 1:19:31]} 24. Rc1 {[%clk 0:16:02]} Rxc1+
{[%clk 1:18:34]} 25. Qxc1 {[%clk 0:16:31]} Qd7 {[%clk 1:18:56]} 26. Qc6
{[%clk 0:10:11]} Qxc6 {[%clk 1:18:50]} 27. dxc6 {[%clk 0:10:37]} e6
{[%clk 1:19:16]} 28. Rg3 {[%clk 0:10:53]} 1-0

[Event "EYCC 2024 - G18"]
[Site "?"]
[Date "2024.08.31"]
[Round "9.12"]
[White "Stepanyan, Alvard"]
[Black "Sereda, Yaroslava"]
[Result "1/2-1/2"]
[BlackElo "1972"]
[WhiteElo "1888"]
[LiveChessVersion "1.4.8"]

1. d4 {[%clk 1:30:45]} d5 {[%clk 1:30:54]} 2. c4 {[%clk 1:31:04]} e6
{[%clk 1:31:20]} 3. Nc3 {[%clk 1:31:23]} Nf6 {[%clk 1:31:45]} 4. Nf3
{[%clk 1:31:45]} Be7 {[%clk 1:32:05]} 5. Bf4 {[%clk 1:32:07]} O-O
{[%clk 1:32:19]} 6. e3 {[%clk 1:32:28]} b6 {[%clk 1:32:27]} 7. Bd3
{[%clk 1:31:10]} Bb7 {[%clk 1:32:13]} 8. cxd5 {[%clk 1:26:55]} exd5
{[%clk 1:25:20]} 9. O-O {[%clk 1:26:48]} c5 {[%clk 1:15:50]} 10. dxc5
{[%clk 1:19:30]} bxc5 {[%clk 1:13:37]} 11. Qe2 {[%clk 1:19:24]} Nc6
{[%clk 1:08:58]} 12. Rac1 {[%clk 1:16:12]} Nb4 {[%clk 1:03:25]} 13. Rfd1
{[%clk 1:11:18]} Nxd3 {[%clk 0:57:53]} 14. Qxd3 {[%clk 1:11:30]} Qb6
{[%clk 0:49:21]} 15. Na4 {[%clk 0:47:02]} Qa5 {[%clk 0:48:09]} 16. Qb3
{[%clk 0:44:15]} Bc6 {[%clk 0:39:56]} 17. Nc3 {[%clk 0:43:04]} Rac8
{[%clk 0:37:46]} 18. Ne5 {[%clk 0:36:49]} Ba8 {[%clk 0:37:03]} 19. Qa4
{[%clk 0:34:31]} Qb6 {[%clk 0:28:12]} 20. Nd7 {[%clk 0:29:37]} Nxd7
{[%clk 0:27:30]} 21. Qxd7 {[%clk 0:30:01]} Bf6 {[%clk 0:25:29]} 22. Nxd5
{[%clk 0:27:44]} Bxd5 {[%clk 0:25:55]} 23. Qxd5 {[%clk 0:28:07]} Qxb2
{[%clk 0:24:37]} 24. Qc4 {[%clk 0:24:34]} Rfd8 {[%clk 0:21:56]} 25. h3
{[%clk 0:22:38]} Bh4 {[%clk 0:17:38]} 26. g3 {[%clk 0:22:35]} Bf6 27. Rb1
{[%clk 0:22:59]} Rxd1+ {[%clk 0:12:51]} 28. Rxd1 {[%clk 0:22:41]} Qb4
{[%clk 0:12:07]} 29. Qa6 {[%clk 0:22:27]} Re8 30. Qc6 Rf8 {[%clk 0:07:01]} 31.
Rd7 {[%clk 0:19:18]} Qb1+ {[%clk 0:04:47]} 32. Kg2 {[%clk 0:19:44]} Qxa2
{[%clk 0:04:37]} 33. Qxc5 {[%clk 0:11:55]} a5 {[%clk 0:01:37]} 34. Ra7
{[%clk 0:11:55]} Qe6 {[%clk 0:01:59]} 35. Qxa5 {[%clk 0:07:14]} Qe4+
{[%clk 0:01:59]} 36. Kg1 {[%clk 0:03:17]} Rd8 {[%clk 0:01:13]} 1/2-1/2